|
|
|
|
| LEADER |
00000nab a2200000uu 4500 |
| 001 |
vtls010902184 |
| 003 |
SK-MaSNL |
| 005 |
20260303110541.0 |
| 008 |
230121|2007 xo |||||||||||||||||eng| |
| 015 |
|
|
|a SNBRB
|
| 035 |
|
|
|a (urnnbn)urn:nbn:sk:snk:ar-a07o6f
|
| 035 |
|
|
|a (uuid)34efce4b-04a9-4ca3-af65-5071b4514d5a
|
| 035 |
|
|
|a urn:nbn:sk:snk-ab8ti6
|
| 040 |
|
|
|a SNKBUCL
|b slo
|c SNKBUCL
|e AACR2
|
| 041 |
0 |
|
|a eng
|
| 044 |
|
|
|a xo
|c SK
|
| 100 |
1 |
|
|a Olejník, František,
|d 1949-
|4 aut
|9 158048
|
| 245 |
1 |
0 |
|a EBAO - WAY AHEAD FOR ENHANCED AIR OPERATIONS MANAGEMENT?
|c Frantisek Olejnik, Pavel Necas
|
| 700 |
1 |
|
|a Nečas, Pavel,
|d 1960-
|4 aut
|9 189407
|
| 773 |
0 |
|
|t Acta avionica : vedecký časopis
|g Roč. 9, č. 14 (2007), s. 101-107
|
| 954 |
|
|
|a odborná, vedecká literatúra pôvodná (slovenská)
|2 lita
|
| 958 |
|
|
|a OND
|
| 958 |
|
|
|a EUIPO
|
| 958 |
|
|
|a article10
|
| 999 |
|
|
|c 1870913
|d 1872843
|